|
|
|
|
| LEADER |
01131nam a2200241 a 4500 |
| 001 |
GR-MES4638 |
| 008 |
991111s1994 gr 000 0 gre d |
| 020 |
|
|
|a 960232113X
|
| 040 |
|
|
|a GrPaTEI
|b gre
|c GR-PaULI
|
| 245 |
0 |
0 |
|a Φιλελευθερισμός και κοινωνική δικαιοσύνη =
|b Liberalisme et justice sociale.
|
| 260 |
|
|
|a Αθήνα :
|b ΑΝΤ.Ν.Σάκκουλα,
|c 1994
|
| 300 |
|
|
|a 340σελ.
|
| 650 |
|
4 |
|a ΔΙΚΑΙΟΣΥΝΗ
|
| 650 |
|
4 |
|a ΚΟΙΝΩΝΙΑ
|
| 650 |
|
4 |
|a Συνέδρια
|
| 650 |
|
4 |
|a ΦΙΛΕΛΕΥΘΕΡΙΣΜΟΣ
|
| 700 |
1 |
|
|a Παραράς, Π.
|
| 710 |
0 |
|
|a ΑΝΤ.Ν.Σάκκουλα
|
| 942 |
|
|
|2 ddc
|
| 952 |
|
|
|0 0
|1 0
|2 ddc
|4 0
|6 320_510000000000000_ΠΑΡ
|7 0
|9 269273
|a MSLG
|b MSLG
|c BSC
|d 2021-01-17
|e 24
|f 0
|g 0.00
|l 0
|o 320.51 ΠΑΡ
|p 2420000007014
|r 2021-01-17 00:00:00
|t 1
|w 2021-01-17
|y BK15
|x 19991111 0 1
|x GrPaTEI
|
| 952 |
|
|
|0 0
|1 0
|2 ddc
|4 0
|6 320_510000000000000_ΠΑΡ
|7 0
|9 269274
|a MSLG
|b MSLG
|c BSC
|d 2021-01-17
|e 24
|f 0
|g 0.00
|l 0
|o 320.51 ΠΑΡ
|p 2420000014428
|r 2021-01-17 00:00:00
|t 1
|w 2021-01-17
|y BK15
|x 19991111 0 1
|x GrPaTEI
|
| 971 |
|
|
|a .b25756849
|b 16-04-20
|c 13-09-16
|
| 999 |
|
|
|c 155322
|d 155322
|